Real world corporate governance : (Record no. 15883)
[ view plain ]
| 000 -LEADER | |
|---|---|
| fixed length control field | 01683nam a2200265 a 4500 |
| 001 - CONTROL NUMBER | |
| control field | ASIN0273628267 |
| 005 - DATE AND TIME OF LATEST TRANSACTION | |
| control field | 20170105102927.0 |
| 008 - FIXED-LENGTH DATA ELEMENTS--GENERAL INFORMATION | |
| fixed length control field | 131212s1997 xxu eng d |
| 020 ## - INTERNATIONAL STANDARD BOOK NUMBER | |
| International Standard Book Number | 0273628267 (paperback) |
| 020 ## - INTERNATIONAL STANDARD BOOK NUMBER | |
| International Standard Book Number | 9780273628262 (paperback) |
| 040 ## - CATALOGING SOURCE | |
| Original cataloging agency | 0 |
| 050 04 - LIBRARY OF CONGRESS CALL NUMBER | |
| Classification number | HD2741 |
| 082 04 - DEWEY DECIMAL CLASSIFICATION NUMBER | |
| Classification number | 658.4 |
| Author Mark | KEN 1998 |
| 100 1# - MAIN ENTRY--PERSONAL NAME | |
| Personal name | Kendall, Nigel. |
| 245 10 - TITLE STATEMENT | |
| Title | Real world corporate governance : |
| Remainder of title | a programme for profit enhanced stewardship / |
| Statement of responsibility, etc. | Nigel Kendall, Arthur Kendall. |
| 260 ## - PUBLICATION, DISTRIBUTION, ETC. | |
| Place of publication, distribution, etc. | [S.l.] : |
| Name of publisher, distributor, etc. | Financial Times Prentice Hall, |
| Date of publication, distribution, etc. | 1997. |
| 300 ## - PHYSICAL DESCRIPTION | |
| Extent | 320 p. ; |
| Dimensions | 25 cm. |
| 490 1# - SERIES STATEMENT | |
| Series statement | Financial times series. |
| 520 ## - SUMMARY, ETC. | |
| Summary, etc. | Take a proactive approach to corporate governance with this book, which takes the whole issue of ethical business and places it firmly in the realm of market reality - relating effective and implementable corporate governance to the bottom line. Written to become an oracle of best practice, it outlines clear, implementable structures and procedures to enable corporate decisions to be made, implemented and appropriately publicized Authors : Nigel Kendall is a Chartered Accountant. A partner at Kenski Partners Management Consultants, he works with senior executives on management and governance issues. His clients have included: BP, Agip Coal, Whittard of Chelsea and Wolff Olins. Arthur Kendall has set up his own company, Tanley International, to provide a personally crafted service for language and culture courses. |
| 650 #0 - SUBJECT ADDED ENTRY--TOPICAL TERM | |
| Topical term or geographic name entry element | Corporate governance |
| 700 1# - ADDED ENTRY--PERSONAL NAME | |
| Personal name | Kendall, Arthur. |
| 830 #0 - SERIES ADDED ENTRY--UNIFORM TITLE | |
| Uniform title | Financial times series. |
| 856 40 - ELECTRONIC LOCATION AND ACCESS | |
| Materials specified | Amazon.com |
| Uniform Resource Identifier | <a href="http://www.amazon.com/exec/obidos/ASIN/0273628267/chopaconline-20">http://www.amazon.com/exec/obidos/ASIN/0273628267/chopaconline-20</a> |
| 942 ## - ADDED ENTRY ELEMENTS (KOHA) | |
| Source of classification or shelving scheme | |
| Koha item type | Book |
| Withdrawn status | Lost status | Damaged status | Not for loan | Collection code | Permanent Location | Current Location | Shelving location | Date acquired | Total Checkouts | Full call number | Barcode | Date last seen | Price effective from | Koha item type |
|---|---|---|---|---|---|---|---|---|---|---|---|---|---|---|
| Centre for International Peace & Stability (CIPS) | Centre for International Peace & Stability (CIPS) | General Stacks | 09/13/2013 | 658.4 KEN 1998 | CIPS0000954 | 12/12/2013 | 12/12/2013 | Book |
